<?xml version="1.0" encoding="UTF-8"?>
<record
    xmlns:xsi="http://www.w3.org/2001/XMLSchema-instance"
    xsi:schemaLocation="http://www.loc.gov/MARC21/slim http://www.loc.gov/standards/marcxml/schema/MARC21slim.xsd"
    xmlns="http://www.loc.gov/MARC21/slim">

  <leader>01374nam a2200349 a 4500</leader>
  <controlfield tag="001">000111420</controlfield>
  <controlfield tag="003">CHAP</controlfield>
  <controlfield tag="005">20220329144210.0</controlfield>
  <controlfield tag="008">150409s2013    mx a   |r|    ||||||spa d</controlfield>
  <datafield tag="010" ind1=" " ind2=" ">
    <subfield code="a">107882</subfield>
  </datafield>
  <datafield tag="011" ind1=" " ind2=" ">
    <subfield code="a">108854</subfield>
  </datafield>
  <datafield tag="040" ind1=" " ind2=" ">
    <subfield code="c">CHAP</subfield>
  </datafield>
  <datafield tag="082" ind1="0" ind2="4">
    <subfield code="a">306.08097274</subfield>
    <subfield code="b">C41</subfield>
  </datafield>
  <datafield tag="100" ind1="1" ind2=" ">
    <subfield code="a">Cerero Mart&#xED;nez, Andr&#xE9;s</subfield>
    <subfield code="9">129280</subfield>
  </datafield>
  <datafield tag="245" ind1="1" ind2="0">
    <subfield code="a">Lani xten &#x1E8D;ub ne bwin ni rkwidx ba xten Zadxil, Ldwa' (bar Dxan Txint) = Fiesta del ma&#xED;z y la gente que toca la concha de Zaachila, Oaxaca (barrio San Jacinto). /</subfield>
    <subfield code="c">por Andr&#xE9;s Cereron Mart&#xED;nez, Juan Mendoza Mart&#xED;nez y Miguel &#xC1;ngel Serrato Cruz.</subfield>
  </datafield>
  <datafield tag="246" ind1="1" ind2="0">
    <subfield code="a">Fiesta del ma&#xED;z y la gente que toca la concha de Zaachila, Oaxaca (barrio San Jacinto).</subfield>
  </datafield>
  <datafield tag="260" ind1=" " ind2=" ">
    <subfield code="a">Villa de Zaachila, Oax. :</subfield>
    <subfield code="b">Centro de Estudios y Desarrollo de las Lenguas Ind&#xED;genas,</subfield>
    <subfield code="c">2013.</subfield>
  </datafield>
  <datafield tag="300" ind1=" " ind2=" ">
    <subfield code="a">176 p. :</subfield>
    <subfield code="b">il.</subfield>
  </datafield>
  <datafield tag="504" ind1=" " ind2=" ">
    <subfield code="a">incluye bibliograf&#xED;a</subfield>
  </datafield>
  <datafield tag="590" ind1=" " ind2=" ">
    <subfield code="a">E5995AHE</subfield>
    <subfield code="b">05</subfield>
    <subfield code="c">20150409</subfield>
    <subfield code="l">UCH01</subfield>
    <subfield code="h">1244</subfield>
  </datafield>
  <datafield tag="590" ind1=" " ind2=" ">
    <subfield code="a">E5995AHE</subfield>
    <subfield code="b">05</subfield>
    <subfield code="c">20150409</subfield>
    <subfield code="l">UCH01</subfield>
    <subfield code="h">1332</subfield>
  </datafield>
  <datafield tag="650" ind1="1" ind2="4">
    <subfield code="a">Civilizaci&#xF3;n</subfield>
    <subfield code="x">Historia.</subfield>
    <subfield code="9">23565</subfield>
  </datafield>
  <datafield tag="650" ind1="1" ind2="4">
    <subfield code="a">Festivales.</subfield>
    <subfield code="9">126361</subfield>
  </datafield>
  <datafield tag="650" ind1="1" ind2="4">
    <subfield code="a">Indios de Oaxaca</subfield>
    <subfield code="x">Zapotecos.</subfield>
    <subfield code="9">128072</subfield>
  </datafield>
  <datafield tag="650" ind1="1" ind2="4">
    <subfield code="a">Ma&#xED;z</subfield>
    <subfield code="x">Historia.</subfield>
    <subfield code="9">70972</subfield>
  </datafield>
  <datafield tag="650" ind1="1" ind2="4">
    <subfield code="a">Oaxaca</subfield>
    <subfield code="x">Vida social y costumbres.</subfield>
    <subfield code="9">82488</subfield>
  </datafield>
  <datafield tag="700" ind1="0" ind2=" ">
    <subfield code="a">Serrato Cruz, Miguel Angel.</subfield>
    <subfield code="9">105270</subfield>
  </datafield>
  <datafield tag="700" ind1="1" ind2=" ">
    <subfield code="a">Mendoza Mart&#xED;nez, Juan</subfield>
    <subfield code="9">74687</subfield>
  </datafield>
  <datafield tag="901" ind1=" " ind2=" ">
    <subfield code="a">BK</subfield>
  </datafield>
  <datafield tag="942" ind1=" " ind2=" ">
    <subfield code="c">LIBRO</subfield>
  </datafield>
  <datafield tag="942" ind1=" " ind2=" ">
    <subfield code="n">0</subfield>
  </datafield>
  <datafield tag="999" ind1=" " ind2=" ">
    <subfield code="c">107882</subfield>
    <subfield code="d">107882</subfield>
  </datafield>
  <datafield tag="952" ind1=" " ind2=" ">
    <subfield code="0">0</subfield>
    <subfield code="1">0</subfield>
    <subfield code="2">ddc</subfield>
    <subfield code="4">0</subfield>
    <subfield code="5">2</subfield>
    <subfield code="7">0</subfield>
    <subfield code="8">GRAL</subfield>
    <subfield code="a">BC</subfield>
    <subfield code="b">BC</subfield>
    <subfield code="c">PA_GRAL</subfield>
    <subfield code="d">2015-04-09</subfield>
    <subfield code="f">LIBRO</subfield>
    <subfield code="l">0</subfield>
    <subfield code="o">306.08097274  C41</subfield>
    <subfield code="p">33724002481611</subfield>
    <subfield code="r">2019-12-31 00:00:00</subfield>
    <subfield code="t">c.2</subfield>
    <subfield code="w">2019-12-31</subfield>
    <subfield code="y">LIBRO</subfield>
  </datafield>
  <datafield tag="952" ind1=" " ind2=" ">
    <subfield code="0">0</subfield>
    <subfield code="1">0</subfield>
    <subfield code="2">ddc</subfield>
    <subfield code="4">0</subfield>
    <subfield code="5">2</subfield>
    <subfield code="7">0</subfield>
    <subfield code="8">GRAL</subfield>
    <subfield code="a">BC</subfield>
    <subfield code="b">BC</subfield>
    <subfield code="c">PA_GRAL</subfield>
    <subfield code="d">2015-04-09</subfield>
    <subfield code="f">LIBRO</subfield>
    <subfield code="l">0</subfield>
    <subfield code="o">306.08097274  C41</subfield>
    <subfield code="p">33724002481652</subfield>
    <subfield code="r">2019-12-31 00:00:00</subfield>
    <subfield code="t">c.4</subfield>
    <subfield code="w">2019-12-31</subfield>
    <subfield code="y">LIBRO</subfield>
  </datafield>
  <datafield tag="952" ind1=" " ind2=" ">
    <subfield code="0">0</subfield>
    <subfield code="1">0</subfield>
    <subfield code="2">ddc</subfield>
    <subfield code="4">0</subfield>
    <subfield code="5">2</subfield>
    <subfield code="7">0</subfield>
    <subfield code="8">GRAL</subfield>
    <subfield code="a">BC</subfield>
    <subfield code="b">BC</subfield>
    <subfield code="c">PA_GRAL</subfield>
    <subfield code="d">2015-04-09</subfield>
    <subfield code="f">LIBRO</subfield>
    <subfield code="l">0</subfield>
    <subfield code="o">306.08097274  C41</subfield>
    <subfield code="p">33724002481694</subfield>
    <subfield code="r">2019-12-31 00:00:00</subfield>
    <subfield code="t">c.5                             </subfield>
    <subfield code="w">2019-12-31</subfield>
    <subfield code="y">LIBRO</subfield>
  </datafield>
  <datafield tag="952" ind1=" " ind2=" ">
    <subfield code="0">0</subfield>
    <subfield code="1">0</subfield>
    <subfield code="2">ddc</subfield>
    <subfield code="4">0</subfield>
    <subfield code="5">2</subfield>
    <subfield code="7">0</subfield>
    <subfield code="8">GRAL</subfield>
    <subfield code="a">BC</subfield>
    <subfield code="b">BC</subfield>
    <subfield code="c">PA_GRAL</subfield>
    <subfield code="d">2015-04-09</subfield>
    <subfield code="f">LIBRO</subfield>
    <subfield code="l">0</subfield>
    <subfield code="o">306.08097274  C41</subfield>
    <subfield code="p">33724002482322</subfield>
    <subfield code="r">2019-12-31 00:00:00</subfield>
    <subfield code="w">2015-04-09</subfield>
    <subfield code="y">LIBRO</subfield>
  </datafield>
  <datafield tag="952" ind1=" " ind2=" ">
    <subfield code="0">0</subfield>
    <subfield code="1">0</subfield>
    <subfield code="2">ddc</subfield>
    <subfield code="4">0</subfield>
    <subfield code="5">2</subfield>
    <subfield code="7">0</subfield>
    <subfield code="8">GRAL</subfield>
    <subfield code="a">BC</subfield>
    <subfield code="b">BC</subfield>
    <subfield code="c">PA_GRAL</subfield>
    <subfield code="d">2015-04-09</subfield>
    <subfield code="f">LIBRO</subfield>
    <subfield code="l">0</subfield>
    <subfield code="o">306.08097274  C41</subfield>
    <subfield code="p">33724002482363</subfield>
    <subfield code="r">2019-12-31 00:00:00</subfield>
    <subfield code="t">c.3</subfield>
    <subfield code="w">2019-12-31</subfield>
    <subfield code="y">LIBRO</subfield>
  </datafield>
</record>
